• 首页
  • 本馆介绍
  • 公告通知
  • 最新文献
  • 馆藏检索
  • 电子资源
  • 读者导购
  • 参考咨询
  • 我的图书馆
  • 登录
  • 详细信息显示
  • 放入我的书架
  • 预约/预借图书
  • 作者相关作品
  • 分类相关作品
  • 丛书相关作品
  • 出版社相关作品

书目信息

  • 表格格式
  • 工作单格式
  • 卡片格式
题名:
战争事典
    
 
作者: ;指文烽火工作室 著
分册: 022  
出版信息: 北京   台海出版社  2016.08
页数: 201页
开本: 23cm
丛书名:
单 册:
中图分类: E19
科图分类:
主题词: 战争史--zhan zheng shi--世界--史料
电子资源:
ISBN: 978-7-5168-1116-0
000 01099nam0 2200241 450
001 CAL 0120161995142
005 20230307160833.97
010    @a978-7-5168-1116-0@dCNY79.80
100    @a20160914d2016 em y0chiy0120 ea
101 0  @achi
102    @aCN@b110000
105    @aa z 000yy
106    @ar
200 1  @a战争事典@Azhan zheng shi dian@h022@d= War story@h022@f指文烽火工作室著@zeng
210    @a北京@c台海出版社@d2016.08
215    @a201页@c彩图@d23cm
330    @a本书内容分为三部分: 一、从罗马的利剑到诺曼的铁蹄 —— 不列颠被征服简史。讲述了不列颠自公元前55年恺撒率罗马军队入侵以来, 到1066年威廉带领诺曼人登陆英格兰这一千多年里, 被外族征服的历史 ; 二、铁铸公侯 —— 威灵顿公爵的传奇人生。叙述的则是在滑铁卢战役中打败拿破仑的威灵顿公爵的人生传奇。三、八千里路云和月 —— 岳飞与岳家军抗金战史。介绍的是南宋初期, 岳飞带领岳家军抗击金军入侵的始末。
510 1  @aWar story@h022@zeng
606 0  @a战争史@Azhan zheng shi@y世界@j史料
690    @aE19@v5
711 02 @a指文烽火工作室@Azhi wen feng huo gong zuo shi@4著
801  0 @aCN@bBJXHZP@c20230228
905    @b1405432-5@dE19@e141:22@f4
    
    战争事典.022= War story.022/指文烽火工作室著.-北京:台海出版社,2016.08
    201页:彩图;23cm
    
    
    ISBN 978-7-5168-1116-0:CNY79.80
    本书内容分为三部分: 一、从罗马的利剑到诺曼的铁蹄 —— 不列颠被征服简史。讲述了不列颠自公元前55年恺撒率罗马军队入侵以来, 到1066年威廉带领诺曼人登陆英格兰这一千多年里, 被外族征服的历史 ; 二、铁铸公侯 —— 威灵顿公爵的传奇人生。叙述的则是在滑铁卢战役中打败拿破仑的威灵顿公爵的人生传奇。三、八千里路云和月 —— 岳飞与岳家军抗金战史。介绍的是南宋初期, 岳飞带领岳家军抗击金军入侵的始末。
●
相关链接 在E读中查询图书 在五车中查询图书 在当当中查询图书 在豆瓣中查询图书


正题名:战争事典     索取号:E19/141:22         预约/预借

序号 登录号 条形码 馆藏地/架位号 状态 备注
1 1405432   214054324   第一样本阅览室/ [索取号:E19/141:22] 在馆    
2 1405433   214054333   第一借阅区/ [索取号:E19/141:22] 在馆    
3 1405434   214054342   第一借阅区/ [索取号:E19/141:22] 在馆    
4 1405435   214054351   第一借阅区/ [索取号:E19/141:22] 在馆    
唐山师范学院图书馆 欢迎您!
大连网信软件有限公司© 版权所有